| 000 | 00562nam a22001817a 4500 | ||
|---|---|---|---|
| 005 | 20231108120434.0 | ||
| 008 | 231108b |||||||| |||| 00| 0 eng d | ||
| 020 | _a421136405 | ||
| 041 | _aEnglish | ||
| 082 | _a346.3 GAT | ||
| 100 |
_aMcEwen, R and Lewis, P _lEnglish |
||
| 245 |
_aGatley on Libel and Slander / _cR McEwen and P Lewis |
||
| 250 | _aSeventh Edition | ||
| 260 |
_aLondon : _bSweet and Maxwell Limited, _c1974 |
||
| 300 |
_bcxix, 719 pages ; _c26,5 cm. |
||
| 650 |
_aLegal practice _bLaw |
||
| 942 |
_cBK _6ALISON_BN_VRIES |
||
| 999 |
_c429 _d429 |
||